000 00722cam a22002531 4500
001 sa 68005622
003 DLC
005 20260227112510.0
008 890525s1967 ii b 000 0 hino
010 _asa 68005622
035 _a(OCoLC)19763238
040 _aDLC
_cWaU
_dDLC
042 _apremarc
050 0 0 _aPK2095.D29
_bH5
100 1 _aDakshina Murthy, N. S.,
_d1934-
245 1 0 _aHindī aura Telugu ke Kr̥shṇakāvyoṃ kā tulanātmaka adhyayana.
260 _c[1967]
300 _a480 p.
_c25 cm.
500 _aIn Hindi.
504 _aBibliography: p. [471]-480.
650 0 _aKrishna (Hindu deity) in literature.
600 0 0 _aSūradāsa,
_d1483?-1563?
600 0 0 _aPōtana,
_dactive 15th century.
999 _c80819
_d80819